000 01206nam a2200301Ia 4500
001 ebr10359288
003 CaPaEBR
006 m u
007 cr cn|||||||||
008 090609s2010 enka sb 001 0 eng d
010 _z 2009023326
020 _z9781845935986 (alk. paper)
040 _aCaPaEBR
_cCaPaEBR
035 _a(OCoLC)496828422
050 1 4 _aS561
_b.N87 2010eb
082 0 4 _a630.68
_222
100 1 _aNuthall, P. L.
_q(Peter Leslie)
245 1 0 _aFarm business management
_h[electronic resource] :
_bthe human factor /
_cPeter L. Nuthall.
260 _aWallingford, Oxfordshire, UK ;
_aCambridge, MA :
_bCAB International,
_cc2010.
300 _axv, 216 p. :
_bill.
504 _aIncludes bibliographical references and index.
533 _aElectronic reproduction.
_bPalo Alto, Calif. :
_cebrary,
_d2010.
_nAvailable via World Wide Web.
_nAccess may be limited to ebrary affiliated libraries.
650 0 _aFarm management
_xDecision making.
650 0 _aFarm managers.
655 7 _aElectronic books.
_2local
710 2 _aebrary, Inc.
856 4 0 _uhttp://site.ebrary.com/lib/rucke/Doc?id=10359288
_zAn electronic book accessible through the World Wide Web; click to view
999 _c104730
_d104730